| 000 | 00998nam a22002177a 4500 | ||
|---|---|---|---|
| 005 | 20241115163840.0 | ||
| 008 | 241024b |||||||| |||| 00| 0 eng d | ||
| 020 | _a9781935096078 | ||
| 082 | _aDC 810.8092052 C432 2008 | ||
| 245 |
_aChicken soup for the soul : _blike mother, like daughter : stories about the special bond between mothers and daughters / _ccompiled by Jack Canfield, Mark Victor Hansen ; edited by Amy Newmark. |
||
| 260 |
_aCos Cob, CT : _bChicken Soup for the Soul Publishing, LLC., _c©2008. |
||
| 300 |
_axi, 366 pages : _billustrations ; _c21 cm. |
||
| 650 | 0 |
_aMothers and daughters _xLiterary collections. _964185 |
|
| 650 | 0 |
_aMothers _xLiterary collections. _964186 |
|
| 650 | 0 |
_aDaughters _xLiterary collections. _bDaughters _964188 |
|
| 650 | 0 |
_aMothers and daughters _xConduct of life _xAnecdotes. _964189 |
|
| 700 |
_aCanfield, Jack, _964191 _ecompiler. |
||
| 700 |
_aHansen, Mark Victor, _ecompiler. _964190 |
||
| 700 |
_aNewmark, Amy. _963431 _eeditor. |
||
| 942 |
_2ddc _cDC |
||
| 999 |
_c22897 _d22897 |
||